Culture générale sur l'histoire médiévale - Statistiques

Statistiques générales
  • Ce quiz a été pris 155 fois
  • Le résultat moyen est 6 sur 15
Statistiques - réponses
question Réponse % Correct
Premier roi des francs Clovis
99%
Premier empereur franc Charlemagne
89%
Année de son sacre 800
79%
Nom de la famille de cet empereur Pipinides/carolingien
64%
Année où Christophe Colomb "aurait" découvert l'Amérique 1492
62%
inventeur de l'imprimerie (Johannes) Gutenberg
41%
Durée de la guerre de cent ans 116 ans
34%
Date de la fin de l'empire byzantin 1453
25%
Année où Martin Luther a publié ses 95 thèses 1517
18%
Année de son baptême 507
16%
Borne du Moyen Age (borne chronologique en siècle) Ve-XVe
14%
Date de la guerre de cent ans 1337-1453
9%
Date de la première croisade 1095-1099
5%
Date de la première peste noire 1346-1353
3%
Siècle de l'attacle des viking IXe-Xe siècle
2%
Aucun quiz correspondant
Distribution des résultats
% des personnes avec chaque résultat
Percentile par nombre de réponses
Votre historique - résultats
Vous n’avez pas pris ce quiz